México y viaje al país de los tarahumaras / (Record no. 16210)

MARC details
000 -LEADER
campo de control de longitud fija 00935nam a2200289 i 4500
001 - NÚMERO DE CONTROL
campo de control 16210
003 - IDENTIFICADOR DE NÚMERO DE CONTROL
campo de control ES-MaACL
005 - FECHA Y HORA DE LA ÚLTIMA TRANSACCIÓN
campo de control 20250912063035.0
007 - CAMPO FIJO DE DESCRIPCIÓN FÍSICA--INFORMACIÓN GENERAL
campo de control de longitud fija t|
008 - DATOS DE LONGITUD FIJA--INFORMACIÓN GENERAL
campo de control de longitud fija 000711s1998 mx |||| | spa d
020 ## - NÚMERO INTERNACIONAL ESTÁNDAR DEL LIBRO
Número Internacional Estándar del Libro 968-16-1572-7
080 ## - NÚMERO DE LA CLASIFICACIÓN DECIMAL UNIVERSAL
Número de la Clasificación Decimal Universal 299.8(=972.5 Tarahumaras)
080 ## - NÚMERO DE LA CLASIFICACIÓN DECIMAL UNIVERSAL
Número de la Clasificación Decimal Universal 39(=972.5 Tarahumaras)
080 ## - NÚMERO DE LA CLASIFICACIÓN DECIMAL UNIVERSAL
Número de la Clasificación Decimal Universal 821.133.1-94"19"
100 1# - ENTRADA PRINCIPAL--NOMBRE DE PERSONA
Nombre de persona Artaud, Antonin.
9 (RLIN) 23422
245 10 - MENCIÓN DEL TÍTULO
Título México y viaje al país de los tarahumaras /
Mención de responsabilidad, etc. Antonin Artaud ; prólogo de Luis Mario Schneider.
250 ## - MENCION DE EDICION
Mención de edición 1ª ed.
Resto de la mención de edición 4ª reimp.
260 ## - PUBLICACIÓN, DISTRIBUCIÓN, ETC.
Lugar de publicación, distribución, etc. México :
Nombre del editor, distribuidor, etc. Fondo de Cultura Económica,
Fecha de publicación, distribución, etc. 1998.
300 ## - DESCRIPCIÓN FÍSICA
Extensión 379 p. ;
Dimensiones 17 cm.
490 1# - MENCIÓN DE SERIE
Mención de serie Colección popular (Fondo de Cultura Económica) ;
Designación de volumen o secuencia 242
RLIN 241328
650 14 - PUNTO DE ACCESO ADICIONAL DE MATERIA--TÉRMINO DE MATERIA
Término de materia o nombre geográfico como elemento de entrada Tarahumaras (Indios)
9 (RLIN) 159849
650 #4 - PUNTO DE ACCESO ADICIONAL DE MATERIA--TÉRMINO DE MATERIA
Término de materia o nombre geográfico como elemento de entrada Indios de México.
9 (RLIN) 157375
700 1# - ENTRADA AGREGADA--NOMBRE PERSONAL
Nombre de persona Schneider, Luis Mario.
9 (RLIN) 104567
852 ## - LOCALIZACIÓN
Ubicación ES-MaACL
Número de control de estantería L-23363
942 ## - ELEMENTOS DE ENTRADA SECUNDARIOS (KOHA)
Fuente del sistema de clasificación o colocación Clasificación decimal universal
Holdings
Estatus retirado Estado de pérdida Estado de daño No para préstamo Biblioteca de origen Biblioteca actual Ubicación en estantería Fecha de adquisición Fuente de adquisición Total de préstamos Signatura topográfica completa Código de barras Visto por última vez Precio de reemplazo Tipo de ítem Koha
        Biblioteca del Ateneo de Madrid Biblioteca del Ateneo de Madrid Depósito 2 17/01/2008     L-23363 1016472 23/02/2023 23/02/2023 Libro impreso